000 01529nam a2200385 c 4500
003 BLK
005 20180422093540.0
008 180412b bul|||||r ||||||| ||bul||
010 _aKNG00006131000
020 _a954-8033-19-4
_bиздат.: Венел
040 _aBLK
041 _aBUL
_cBUL
080 _aФизиология
_b612
_x.017
_z612.017
080 _aПатология. Клинична медицина
_b616
_x-097
_z616-097
100 1 _aБожков, Божко Митев
_eпърви автор
_9247298
700 1 _aПопова, Дора Николова
_eсъавт.
_9363750
139 _aБожков, Божко Митев и др.
_bБ 57
245 1 0 _aАвтоимунен отговор и автоимунни болести
_cБожко Митев Божков; съавт. Дора Николова Попова.
257 _aBGR
260 София
_bВенел
_c1995
300 _a160 с.
_bс диагр., табл., сх.
_c24 см
380 _a61
490 1 _aБиблиотека Nota bene
_vN 4
500 _a1 000 тир. - Библиогр. с. 151-152. - Треминол. речник.
650 4 _aИмунитет
_9157115
650 4 _aИмунология - в клиничната медицина
_9249431
650 4 _aИмунопатология
_9157122
653 _aавтоимунни болести
653 _aимунитет
852 _aЦб 181131
856 4 _qpdf
_u
856 4 _qpdf
_u
942 _cKNG
_n0
944 _aCR
_c15.01.2003
_kКети_Илиева
944 _aED
_c30.08.2005
_k
999 _c4959
_d4959